header

Core topics in perioperative medicine (Record no. 216951)

MARC details
000 -LEADER
fixed length control field 01578nam a2200397Ia 4500
082 04 - DEWEY DECIMAL CLASSIFICATION NUMBER
Classification number 617/.919
245 00 - TITLE STATEMENT
Title Core topics in perioperative medicine
260 ## - PUBLICATION, DISTRIBUTION, ETC. (IMPRINT)
Place of publication London ;
-- San Francisco :
Name of publisher Greenwich Medical Media,
Year of publication 2004.
300 ## - PHYSICAL DESCRIPTION
Number of Pages xi, 285 p. :
Other physical details ill.
650 #0 - SUBJECT ADDED ENTRY--TOPICAL TERM
Topical Term Therapeutics, Surgical
Topical Term Surgery
Topical Term Therapeutics, Surgical
Topical Term Surgery
Topical Term Surgical intensive care.
700 1# - ADDED ENTRY--PERSONAL NAME
Personal name Hudsmith, Jonathan.
Personal name Wheeler, Dan,
Personal name Gupta, Arun K.
856 40 - ELECTRONIC LOCATION AND ACCESS
Uniform Resource Identifier http://site.ebrary.com/lib/rucke/Doc?id=10120441

No items available.

© 2026 Rongo University
Contact us: librarian | system librarian | Rongo university